<?xml version="1.0" encoding="UTF-8"?>
<record
    xmlns:xsi="http://www.w3.org/2001/XMLSchema-instance"
    xsi:schemaLocation="http://www.loc.gov/MARC21/slim http://www.loc.gov/standards/marcxml/schema/MARC21slim.xsd"
    xmlns="http://www.loc.gov/MARC21/slim">

  <leader>03294    a2200301   4500</leader>
  <controlfield tag="003">NALT</controlfield>
  <controlfield tag="005">20231225125406.0</controlfield>
  <controlfield tag="008">210726b        th ||||| |||| 00| 0 tha d</controlfield>
  <datafield tag="020" ind1=" " ind2=" ">
    <subfield code="a">9786161839970</subfield>
  </datafield>
  <datafield tag="040" ind1=" " ind2=" ">
    <subfield code="a">NALT</subfield>
  </datafield>
  <datafield tag="041" ind1="1" ind2=" ">
    <subfield code="a">tha</subfield>
    <subfield code="h">eng</subfield>
  </datafield>
  <datafield tag="050" ind1=" " ind2=" ">
    <subfield code="a">BJ 1499.S65</subfield>
    <subfield code="b">&#xE2E;467&#xE2E; 2564</subfield>
  </datafield>
  <datafield tag="100" ind1="1" ind2=" ">
    <subfield code="a">&#xE2E;&#xE35;&#xE25;&#xE25;&#xE35;&#xE22;&#xE4C;, &#xE1F;&#xE23;&#xE32;&#xE19;&#xE0B;&#xE35;&#xE48;</subfield>
    <subfield code="9">54075</subfield>
  </datafield>
  <datafield tag="245" ind1="1" ind2="0">
    <subfield code="a">Honjok &#xE04;&#xE27;&#xE32;&#xE21;&#xE2A;&#xE38;&#xE02;&#xE08;&#xE32;&#xE01;&#xE01;&#xE32;&#xE23;&#xE2D;&#xE22;&#xE39;&#xE48;&#xE01;&#xE31;&#xE1A;&#xE15;&#xE31;&#xE27;&#xE40;&#xE2D;&#xE07; /</subfield>
    <subfield code="c">&#xE1F;&#xE23;&#xE32;&#xE19;&#xE0B;&#xE35;&#xE48; &#xE2E;&#xE35;&#xE25;&#xE25;&#xE35;&#xE22;&#xE4C; &#xE41;&#xE25;&#xE30; &#xE04;&#xE23;&#xE34;&#xE2A;&#xE15;&#xE31;&#xE25; &#xE17;&#xE32;&#xE2D;&#xE34; &#xE40;&#xE02;&#xE35;&#xE22;&#xE19; ; &#xE40;&#xE02;&#xE21;&#xE25;&#xE31;&#xE01;&#xE29;&#xE13;&#xE4C; &#xE14;&#xE35;&#xE1B;&#xE23;&#xE30;&#xE27;&#xE31;&#xE15;&#xE34; &#xE41;&#xE1B;&#xE25;.</subfield>
  </datafield>
  <datafield tag="246" ind1="3" ind2="1">
    <subfield code="a">Honjok : </subfield>
    <subfield code="b">the art of living alone.</subfield>
  </datafield>
  <datafield tag="250" ind1=" " ind2=" ">
    <subfield code="a">&#xE1E;&#xE34;&#xE21;&#xE1E;&#xE4C;&#xE04;&#xE23;&#xE31;&#xE49;&#xE07;&#xE41;&#xE23;&#xE01;</subfield>
  </datafield>
  <datafield tag="260" ind1=" " ind2=" ">
    <subfield code="a">&#xE01;&#xE23;&#xE38;&#xE07;&#xE40;&#xE17;&#xE1E;&#xE2F; :</subfield>
    <subfield code="b">&#xE2D;&#xE21;&#xE23;&#xE34;&#xE19;&#xE17;&#xE23;&#xE4C;&#xE2E;&#xE32;&#xE27;&#xE17;&#xE39;, </subfield>
    <subfield code="c">2564.</subfield>
  </datafield>
  <datafield tag="300" ind1=" " ind2=" ">
    <subfield code="a">152 &#xE2B;&#xE19;&#xE49;&#xE32; : </subfield>
    <subfield code="c">&#xE20;&#xE32;&#xE1E;&#xE1B;&#xE23;&#xE30;&#xE01;&#xE2D;&#xE1A;&#xE2A;&#xE35; ; </subfield>
    <subfield code="e">21 &#xE0B;&#xE21;.</subfield>
  </datafield>
  <datafield tag="505" ind1="0" ind2=" ">
    <subfield code="a">1. &#xE40;&#xE1C;&#xE48;&#xE32;&#xE2B;&#xE19;&#xE36;&#xE48;&#xE07;&#xE04;&#xE19; -- &#xE43;&#xE04;&#xE23;&#xE04;&#xE37;&#xE2D;&#xE2E;&#xE19;&#xE08;&#xE01;&#xE41;&#xE2B;&#xE48;&#xE07;&#xE40;&#xE01;&#xE32;&#xE2B;&#xE25;&#xE35;&#xE43;&#xE15;&#xE49; -- 2. &#xE2A;&#xE20;&#xE32;&#xE27;&#xE30;&#xE08;&#xE34;&#xE15;&#xE43;&#xE08; : &#xE40;&#xE14;&#xE35;&#xE22;&#xE27;&#xE14;&#xE32;&#xE22;&#xE2B;&#xE23;&#xE37;&#xE2D;&#xE04;&#xE19;&#xE40;&#xE14;&#xE35;&#xE22;&#xE27; -- &#xE40;&#xE14;&#xE35;&#xE22;&#xE27;&#xE14;&#xE32;&#xE22;&#xE2B;&#xE23;&#xE37;&#xE2D;&#xE04;&#xE19;&#xE40;&#xE14;&#xE35;&#xE22;&#xE27; -- &#xE21;&#xE2D;&#xE07;&#xE14;&#xE39;&#xE04;&#xE27;&#xE32;&#xE21;&#xE40;&#xE2B;&#xE07;&#xE32; -- &#xE09;&#xE32;&#xE22;&#xE32;&#xE02;&#xE2D;&#xE07;&#xE1C;&#xE39;&#xE49;&#xE42;&#xE14;&#xE14;&#xE40;&#xE14;&#xE35;&#xE48;&#xE22;&#xE27; -- &#xE19;&#xE34;&#xE22;&#xE32;&#xE21;&#xE04;&#xE27;&#xE32;&#xE21;&#xE2B;&#xE21;&#xE32;&#xE22;&#xE02;&#xE2D;&#xE07;&#xE04;&#xE27;&#xE32;&#xE21;&#xE2A;&#xE31;&#xE19;&#xE42;&#xE14;&#xE29;&#xE43;&#xE2B;&#xE49;&#xE15;&#xE31;&#xE27;&#xE40;&#xE2D;&#xE07; -- &#xE01;&#xE23;&#xE32;&#xE1F;&#xE41;&#xE2A;&#xE14;&#xE07;&#xE23;&#xE30;&#xE14;&#xE31;&#xE1A;&#xE1A;&#xE38;&#xE04;&#xE25;&#xE34;&#xE01;&#xE40;&#xE1B;&#xE34;&#xE14;&#xE40;&#xE1C;&#xE22;&#xE41;&#xE25;&#xE30;&#xE1A;&#xE38;&#xE04;&#xE25;&#xE34;&#xE01;&#xE40;&#xE01;&#xE47;&#xE1A;&#xE15;&#xE31;&#xE27; -- &#xE04;&#xE27;&#xE32;&#xE21;&#xE15;&#xE49;&#xE2D;&#xE07;&#xE01;&#xE32;&#xE23;&#xE40;&#xE1B;&#xE47;&#xE19;&#xE2A;&#xE48;&#xE27;&#xE19;&#xE2B;&#xE19;&#xE36;&#xE48;&#xE07;&#xE02;&#xE2D;&#xE07;&#xE01;&#xE25;&#xE38;&#xE48;&#xE21; -- 3. &#xE28;&#xE34;&#xE25;&#xE1B;&#xE30;&#xE41;&#xE2B;&#xE48;&#xE07;&#xE01;&#xE32;&#xE23;&#xE23;&#xE39;&#xE49;&#xE08;&#xE31;&#xE01;&#xE15;&#xE19;&#xE40;&#xE2D;&#xE07; -- &#xE40;&#xE27;&#xE25;&#xE32;&#xE2A;&#xE33;&#xE2B;&#xE23;&#xE31;&#xE1A;&#xE04;&#xE34;&#xE14; -- &#xE15;&#xE31;&#xE27;&#xE15;&#xE19;&#xE08;&#xE23;&#xE34;&#xE07; vs &#xE15;&#xE31;&#xE27;&#xE15;&#xE19;&#xE1B;&#xE25;&#xE2D;&#xE21; -- &#xE17;&#xE33;&#xE04;&#xE27;&#xE32;&#xE21;&#xE23;&#xE39;&#xE49;&#xE08;&#xE31;&#xE01;&#xE15;&#xE19;&#xE40;&#xE2D;&#xE07; -- &#xE2A;&#xE31;&#xE07;&#xE40;&#xE01;&#xE15;&#xE04;&#xE27;&#xE32;&#xE21;&#xE23;&#xE39;&#xE49;&#xE2A;&#xE36;&#xE01;&#xE15;&#xE31;&#xE27;&#xE40;&#xE2D;&#xE07; -- &#xE1B;&#xE25;&#xE39;&#xE01;&#xE2A;&#xE23;&#xE49;&#xE32;&#xE07;&#xE08;&#xE34;&#xE15;&#xE43;&#xE08;&#xE2A;&#xE07;&#xE2A;&#xE31;&#xE22;&#xE43;&#xE04;&#xE23;&#xE48;&#xE23;&#xE39;&#xE49; -- &#xE40;&#xE1B;&#xE47;&#xE19;&#xE1C;&#xE39;&#xE49;&#xE40;&#xE02;&#xE35;&#xE22;&#xE19;&#xE40;&#xE23;&#xE37;&#xE48;&#xE2D;&#xE07;&#xE23;&#xE32;&#xE27;&#xE02;&#xE2D;&#xE07;&#xE15;&#xE31;&#xE27;&#xE40;&#xE2D;&#xE07; -- &#xE2A;&#xE23;&#xE49;&#xE32;&#xE07;&#xE04;&#xE38;&#xE13;&#xE04;&#xE48;&#xE32;&#xE43;&#xE19;&#xE15;&#xE19;&#xE40;&#xE2D;&#xE07; -- 4. &#xE01;&#xE32;&#xE23;&#xE2D;&#xE22;&#xE39;&#xE48;&#xE2D;&#xE22;&#xE48;&#xE32;&#xE07;&#xE2A;&#xE31;&#xE19;&#xE42;&#xE14;&#xE14; -- &#xE19;&#xE49;&#xE2D;&#xE21;&#xE23;&#xE31;&#xE1A;&#xE0A;&#xE48;&#xE27;&#xE07;&#xE40;&#xE27;&#xE25;&#xE32;&#xE02;&#xE2D;&#xE07;&#xE01;&#xE32;&#xE23;&#xE2D;&#xE22;&#xE39;&#xE48;&#xE04;&#xE19;&#xE40;&#xE14;&#xE35;&#xE22;&#xE27; -- &#xE2A;&#xE23;&#xE49;&#xE32;&#xE07;&#xE01;&#xE34;&#xE08;&#xE27;&#xE31;&#xE15;&#xE23;&#xE01;&#xE32;&#xE23;&#xE14;&#xE39;&#xE41;&#xE25;&#xE15;&#xE31;&#xE27;&#xE40;&#xE2D;&#xE07; -- &#xE2A;&#xE30;&#xE17;&#xE49;&#xE2D;&#xE19;&#xE15;&#xE31;&#xE27;&#xE15;&#xE19;&#xE41;&#xE25;&#xE49;&#xE27;&#xE08;&#xE14;&#xE1A;&#xE31;&#xE19;&#xE17;&#xE36;&#xE01; -- &#xE17;&#xE33;&#xE2A;&#xE21;&#xE32;&#xE18;&#xE34; -- &#xE40;&#xE04;&#xE25;&#xE37;&#xE48;&#xE2D;&#xE19;&#xE44;&#xE2B;&#xE27;&#xE23;&#xE48;&#xE32;&#xE07;&#xE01;&#xE32;&#xE22;&#xE41;&#xE1A;&#xE1A;&#xE40;&#xE08;&#xE23;&#xE34;&#xE0D;&#xE2A;&#xE15;&#xE34; -- &#xE01;&#xE32;&#xE23;&#xE40;&#xE14;&#xE34;&#xE19;&#xE17;&#xE48;&#xE32;&#xE21;&#xE01;&#xE25;&#xE32;&#xE07;&#xE18;&#xE23;&#xE23;&#xE21;&#xE0A;&#xE32;&#xE15;&#xE34; -- &#xE2A;&#xE33;&#xE23;&#xE27;&#xE08;&#xE14;&#xE49;&#xE32;&#xE19;&#xE2A;&#xE23;&#xE49;&#xE32;&#xE07;&#xE2A;&#xE23;&#xE23;&#xE04;&#xE4C;&#xE02;&#xE2D;&#xE07;&#xE15;&#xE19;&#xE40;&#xE2D;&#xE07; -- &#xE41;&#xE2A;&#xE27;&#xE07;&#xE2B;&#xE32;&#xE01;&#xE32;&#xE23;&#xE1C;&#xE08;&#xE0D;&#xE20;&#xE31;&#xE22; -- &#xE23;&#xE31;&#xE1A;&#xE1B;&#xE23;&#xE30;&#xE17;&#xE32;&#xE19;&#xE2D;&#xE32;&#xE2B;&#xE32;&#xE23;&#xE04;&#xE19;&#xE40;&#xE14;&#xE35;&#xE22;&#xE27; -- &#xE43;&#xE0A;&#xE49;&#xE0A;&#xE35;&#xE27;&#xE34;&#xE15;&#xE41;&#xE1A;&#xE1A;&#xE2E;&#xE19;&#xE08;&#xE01;.</subfield>
  </datafield>
  <datafield tag="650" ind1=" " ind2="4">
    <subfield code="9">54072</subfield>
    <subfield code="a">&#xE2A;&#xE31;&#xE19;&#xE42;&#xE14;&#xE29;</subfield>
  </datafield>
  <datafield tag="653" ind1=" " ind2="4">
    <subfield code="a">&#xE04;&#xE27;&#xE32;&#xE21;&#xE42;&#xE14;&#xE14;&#xE40;&#xE14;&#xE35;&#xE48;&#xE22;&#xE27; </subfield>
  </datafield>
  <datafield tag="700" ind1="1" ind2=" ">
    <subfield code="9">54074</subfield>
    <subfield code="a">Healey, Francie</subfield>
  </datafield>
  <datafield tag="700" ind1="1" ind2=" ">
    <subfield code="9">54073</subfield>
    <subfield code="a">&#xE17;&#xE32;&#xE2D;&#xE34;, &#xE04;&#xE23;&#xE34;&#xE2A;&#xE15;&#xE31;&#xE25; </subfield>
  </datafield>
  <datafield tag="700" ind1="0" ind2=" ">
    <subfield code="9">37937</subfield>
    <subfield code="a">&#xE40;&#xE02;&#xE21;&#xE25;&#xE31;&#xE01;&#xE29;&#xE13;&#xE4C; &#xE14;&#xE35;&#xE1B;&#xE23;&#xE30;&#xE27;&#xE31;&#xE15;&#xE34;</subfield>
  </datafield>
  <datafield tag="850" ind1=" " ind2=" ">
    <subfield code="a">NALT</subfield>
  </datafield>
  <datafield tag="942" ind1=" " ind2=" ">
    <subfield code="2">lcc</subfield>
    <subfield code="c">GB</subfield>
  </datafield>
  <datafield tag="996" ind1=" " ind2=" ">
    <subfield code="a">saiphon.d</subfield>
    <subfield code="b">CATSTF	</subfield>
    <subfield code="c">2023-12-13</subfield>
  </datafield>
  <datafield tag="999" ind1=" " ind2=" ">
    <subfield code="c">98350</subfield>
    <subfield code="d">98350</subfield>
  </datafield>
  <datafield tag="998" ind1=" " ind2=" ">
    <subfield code="j">104</subfield>
    <subfield code="k"> &#xE19;&#xE32;&#xE07;&#xE2A;&#xE32;&#xE27;&#xE2A;&#xE32;&#xE22;&#xE1D;&#xE19;  &#xE14;&#xE35;&#xE07;&#xE32;&#xE21;</subfield>
  </datafield>
  <datafield tag="952" ind1=" " ind2=" ">
    <subfield code="0">0</subfield>
    <subfield code="1">0</subfield>
    <subfield code="2">lcc</subfield>
    <subfield code="4">0</subfield>
    <subfield code="7">0</subfield>
    <subfield code="8">CGBL</subfield>
    <subfield code="a">NALT</subfield>
    <subfield code="b">NALT</subfield>
    <subfield code="d">2021-06-02</subfield>
    <subfield code="e">3</subfield>
    <subfield code="l">2</subfield>
    <subfield code="m">2</subfield>
    <subfield code="o">BJ 1499.S65 &#xE2E;467&#xE2E; 2564</subfield>
    <subfield code="p">3961212111</subfield>
    <subfield code="r">2023-12-18 00:00:00</subfield>
    <subfield code="s">2023-12-08</subfield>
    <subfield code="w">2021-06-02</subfield>
    <subfield code="y">GB</subfield>
  </datafield>
</record>
